[Event "1st Grobber Cup"]
[Site "SchemingMind.com"]
[Date "2005.03.08"]
[Round "-"]
[White "cnbcad"]
[Black "bohemian rhapsody"]
[Result "0-1"]
[WhiteCountry "USA"]
[BlackCountry "GBR"]
[WhiteElo "1566"]
[WhiteRD "77"]
[BlackElo "1885"]
[BlackRD "124"]
[GameID "10342"]

1. e4 e5 2. Nf3 Nf6 3. Nc3 Nc6 4. Bc4 Bc5 5. O-O O-O 6. Re1 a6 7. a3 d6 8. Nd5 Ng4 9. d4 Nxd4 10. b4 Nxf3+
11. Qxf3 Bxf2+ 12. Kh1 Bxe1 13. Bb2 Qh4 14. h3 Nf2+ 15. Kg1 Nxe4 16. Ne7+ Kh8 17. Bd3 Bf2+ 18. Kh2 Nd2
0-1

[Event "1st Grobber Cup"]
[Site "SchemingMind.com"]
[Date "2005.03.08"]
[Round "-"]
[White "Grobber"]
[Black "cnbcad"]
[Result "1-0"]
[WhiteCountry "ISL"]
[BlackCountry "USA"]
[WhiteElo "1445"]
[WhiteRD "90"]
[BlackElo "1566"]
[BlackRD "77"]
[GameID "10343"]

1. d4 Nf6 2. c4 d5 3. Nf3 g6 4. Nc3 Bg7 5. cxd5 O-O 6. e4 c6 7. dxc6 Nxc6 8. Be2 a6 9. O-O b5 10. e5 Nd5
11. a4 b4 12. Nxd5 Qxd5 13. Be3 a5 14. b3 Be6 15. Ng5 Qxb3 16. Nxe6 Qxe6 17. d5 Qxe5 18. dxc6 Rfc8 19. Rc1 Rc7 20. Bf3 Re8
21. g3 Rcc8 22. Bf4 Qf5 23. c7 e5 24. Bb7 exf4 25. Bxc8 Rxc8 26. Qd8+ Bf8 27. Qxc8 Qxc8 28. Rfd1 b3 29. Rd8
1-0

[Event "1st Grobber Cup"]
[Site "SchemingMind.com"]
[Date "2005.03.08"]
[Round "-"]
[White "guiri1967"]
[Black "cnbcad"]
[Result "1-0"]
[WhiteCountry "BEL"]
[BlackCountry "USA"]
[WhiteElo "1578"]
[WhiteRD "71"]
[BlackElo "1566"]
[BlackRD "77"]
[GameID "10344"]

1. e4 e5 2. Bc4 Nf6 3. Nf3 d5 4. exd5 Nxd5 5. Nxe5 c6 6. Qf3 f6 7. Qh5+ g6 8. Nxg6 hxg6 9. Qxh8 Qe7+ 10. Be2 Nf4
11. Nc3 Nxg2+ 12. Kd1 Bf5 13. Rg1 Nf4 14. d3 Nd7 15. Bxf4 g5 16. Re1 O-O-O 17. Bd2 Qf7 18. Qh5 Qxh5 19. Bxh5 Bd6 20. Re8 Bxh2
21. Rxd8+ Kxd8 22. f3 Ne5 23. Ne4 Ke7 24. Ke2 Be6 25. Rh1 Bf4 26. Bxf4 gxf4 27. b3 b6 28. Rg1
1-0

[Event "1st Grobber Cup"]
[Site "SchemingMind.com"]
[Date "2005.03.08"]
[Round "-"]
[White "pudutse"]
[Black "cnbcad"]
[Result "1-0"]
[WhiteCountry "ARG"]
[BlackCountry "USA"]
[WhiteElo "1846"]
[WhiteRD "87"]
[BlackElo "1566"]
[BlackRD "77"]
[GameID "10345"]

1. e4 e5 2. Nf3 Nf6 3. Nxe5 d6 4. Nf3 g6 5. Nc3 Bg7 6. Bc4 O-O 7. h3 Re8 8. O-O Nbd7 9. d3 c5 10. Bg5 Qb6
11. Qc1 a6 12. a4 Qc7 13. Bh6 Bxh6 14. Qxh6 Nf8 15. Ng5 Re7 16. f4 Kh8 17. Qxf8+ Ng8 18. Nxf7+
1-0

[Event "1st Grobber Cup"]
[Site "SchemingMind.com"]
[Date "2005.03.08"]
[Round "-"]
[White "Brerrabbit"]
[Black "cnbcad"]
[Result "0-1"]
[WhiteCountry "SCO"]
[BlackCountry "USA"]
[WhiteElo "1283"]
[WhiteRD "69"]
[BlackElo "1566"]
[BlackRD "77"]
[GameID "10346"]

1. e4 e5 2. Nf3 Nc6 3. Nc3 Nf6 4. Nxe5 Nxe5 5. d4 Ng6 6. e5 Ng8 7. Bc4 c6 8. Qe2 b5 9. Bb3 Bb4 10. Qf3 d5
11. O-O N8e7 12. Re1 O-O 13. Bg5 h6 14. Bxe7 Nxe7 15. Re3 Nf5 16. Rd3 Bxc3 17. bxc3 a5 18. a4 b4 19. c4 Ba6 20. Rdd1 Nh4
21. Qf4 dxc4 22. Ba2 Rb8 23. Bb1 Ng6 24. Qg4 Qg5 25. Qd7 Bb7 26. c3 c5 27. g3 bxc3 28. h4 Qh5 29. e6 Qxd1+
0-1

[Event "1st Grobber Cup"]
[Site "SchemingMind.com"]
[Date "2005.03.08"]
[Round "-"]
[White "AaronB"]
[Black "cnbcad"]
[Result "0-1"]
[WhiteCountry "USA"]
[BlackCountry "USA"]
[WhiteElo "1440"]
[WhiteRD "93"]
[BlackElo "1669"]
[BlackRD "133"]
[GameID "10347"]

1. c4 e5 2. Nc3 Nf6 3. g3 d5 4. cxd5 Nxd5 5. Bg2 Nxc3 6. bxc3 Bc5 7. e4 Qf6 8. Qf3 Qxf3 9. Nxf3 Nc6 10. O-O O-O
11. d3 Re8 12. Re1 Be6 13. Be3 Bxe3 14. Rxe3 Red8 15. h3 b5 16. Ng5 Bc8 17. a3 f6 18. Nf3 a5 19. a4 bxa4 20. Rxa4 Rb8
21. Nd2 Ba6 22. Nc4 Rb1+ 23. Bf1 Bxc4 24. Rxc4 Rd6 25. Kg2 Ra1 26. f4 a4 27. fxe5 fxe5 28. d4 exd4 29. cxd4 a3 30. Ra4 Rxd4
31. Rxd4 Nxd4 32. Bc4+ Kf8 33. Rd3 Nc6 34. g4 Ne5 35. Rc3 Nxc4 36. Rxc4 a2 37. Ra4 c5 38. Kf2 Rh1 39. Rxa2 Rh2+
0-1

[Event "1st Grobber Cup"]
[Site "SchemingMind.com"]
[Date "2005.03.08"]
[Round "-"]
[White "bohemian rhapsody"]
[Black "cnbcad"]
[Result "1-0"]
[WhiteCountry "GBR"]
[BlackCountry "USA"]
[WhiteElo "1919"]
[WhiteRD "108"]
[BlackElo "1552"]
[BlackRD "65"]
[GameID "10348"]

1. e4 e5 2. Nf3 Nc6 3. Nc3 Nf6 4. Bb5 a6 5. Bxc6 dxc6 6. Nxe5 Bd6 7. d4 O-O 8. O-O Re8 9. Ng4 Nxg4 10. h3 Nh2
11. Re1 Qh4 12. e5 Ng4 13. hxg4 Bb4 14. Re4 Bxc3 15. g3 Qe7 16. bxc3 b5 17. Rf4 c5 18. Qf3 Bd7 19. Ba3 a5 20. Bxc5 Qe6
21. a3 Bc6 22. Qe3 Qh6 23. f3 Qh3 24. Qf2 b4 25. cxb4 axb4 26. Bxb4 Red8 27. Qh2 Qxh2+ 28. Kxh2 Re8 29. c4 g5 30. Rf6 Bb7
31. f4 gxf4 32. gxf4 Ra6 33. Rxa6 Bxa6 34. Rc1 Re6 35. d5 Rh6+ 36. Kg3 Bc8 37. f5 Rb6 38. e6 fxe6 39. dxe6 Kg7 40. Re1 Rb8
41. Rd1 Bb7 42. Rd7+ Kf6 43. Kf4 Bc6 44. Bc3#
1-0

[Event "1st Grobber Cup"]
[Site "SchemingMind.com"]
[Date "2005.03.08"]
[Round "-"]
[White "pollemand"]
[Black "Grobber"]
[Result "1-0"]
[WhiteCountry "DEN"]
[BlackCountry "ISL"]
[WhiteElo "1731"]
[WhiteRD "123"]
[BlackElo "1383"]
[BlackRD "87"]
[GameID "10352"]

1. e4 c5 2. Nf3 Nc6 3. d4 cxd4 4. Nxd4 Nf6 5. Nc3 e6 6. Be3 Bb4 7. Nxc6 bxc6 8. Bd3 Qa5 9. Bd2 d5 10. a3 Bxc3
11. Bxc3 Qc5 12. Bb4 Qd4 13. Bc3 Qc5= 14. Bxf6 gxf6 15. O-O Rg8 16. Qd2 h5 17. b4 Qd6 18. Rad1 e5 19. exd5 Bh3 20. Be4 f5
21. Qc3 Bg4 22. Bf3 cxd5 23. Rxd5 Bxf3 24. Qxf3 Qe6 25. Rxe5 Rxg2+ 26. Qxg2 Qxe5 27. Qxa8+ Ke7 28. Qxa7+ Kf6 29. Qe3 Qb5 30. Qd4+ Kg5
31. Qe3+ Kf6 32. Rd1 Qe8 33. Qxe8
1-0

[Event "1st Grobber Cup"]
[Site "SchemingMind.com"]
[Date "2005.03.08"]
[Round "-"]
[White "pollemand"]
[Black "guiri1967"]
[Result "0-1"]
[WhiteCountry "DEN"]
[BlackCountry "BEL"]
[WhiteElo "1613"]
[WhiteRD "116"]
[BlackElo "1599"]
[BlackRD "74"]
[GameID "10353"]

1. e4 e5 2. Nf3 d6 3. Bc4 Nf6 4. d4 Nc6 5. dxe5 Nxe4 6. O-O Nxe5 7. Nxe5 dxe5 8. Qxd8+ Kxd8 9. Bxf7 Bf5 10. Be3 Ke7
11. Bb3 Kd7 12. Nd2 Nxd2 13. Bxd2 Rd8 14. Bg5 Be7 15. Rad1+ Ke8 16. Rxd8+ Kxd8 17. Rd1+ Ke8 18. Be3 b6 19. c3 h6 20. h3 Bg5
21. Bxg5 hxg5 22. Re1 e4 23. Bd5 Kd8 24. Bxe4 Re8 25. Rd1+ Bd7 26. Bf5 Re7 27. Rxd7+ Rxd7 28. Bxd7 Kxd7 29. Kf1 Kd6 30. Ke2 Ke5
31. Ke3 c5 32. g3 a6 33. f3 Kf5
0-1

[Event "1st Grobber Cup"]
[Site "SchemingMind.com"]
[Date "2005.03.08"]
[Round "-"]
[White "pollemand"]
[Black "pudutse"]
[Result "0-1"]
[WhiteCountry "DEN"]
[BlackCountry "ARG"]
[WhiteElo "1731"]
[WhiteRD "123"]
[BlackElo "1827"]
[BlackRD "96"]
[GameID "10354"]

1. e4 e5 2. Nf3 Nc6 3. Bb5 a6 4. Ba4 b5 5. Bb3 d6 6. c3 Na5 7. Bc2 c5 8. d4 cxd4 9. cxd4 Nc6 10. d5 Nce7
11. O-O Nf6 12. Bg5 Ng6 13. Nbd2 Be7 14. Rc1 O-O 15. a4 Nd7 16. Bxe7 Qxe7 17. axb5 axb5 18. Bd3 Ba6 19. Qb3 Nc5 20. Rxc5 dxc5
0-1

[Event "1st Grobber Cup"]
[Site "SchemingMind.com"]
[Date "2005.03.08"]
[Round "-"]
[White "pollemand"]
[Black "cnbcad"]
[Result "1-0"]
[WhiteCountry "DEN"]
[BlackCountry "USA"]
[WhiteElo "1731"]
[WhiteRD "123"]
[BlackElo "1669"]
[BlackRD "133"]
[GameID "10355"]

1. e4 e5 2. Nf3 d5 3. exd5 e4 4. Qe2 Qe7 5. Nd4 Nf6 6. Nc3 Qc5 7. Nb3 Qd6 8. d3 Qb4 9. a3 Qb6 10. dxe4 Nxe4
11. Qxe4+ Be7 12. Bd3 Nd7 13. Be3 Qf6 14. Bd4 Qg5 15. O-O Nf6 16. Qe2 O-O 17. f4 Qh4 18. g3 Qg4 19. Qxe7 Re8 20. Qxc7 Nh5
21. Kg2 Qh3+ 22. Kg1 b6 23. f5 Qg4 24. Be2 Rxe2 25. Qd8+
1-0

[Event "1st Grobber Cup"]
[Site "SchemingMind.com"]
[Date "2005.03.08"]
[Round "-"]
[White "pollemand"]
[Black "Brerrabbit"]
[Result "1-0"]
[WhiteCountry "DEN"]
[BlackCountry "SCO"]
[WhiteElo "1731"]
[WhiteRD "123"]
[BlackElo "1293"]
[BlackRD "74"]
[GameID "10356"]

1. e4 e5 2. Nf3 Nc6 3. Bb5 d6 4. c3 Nf6 5. d4 Nxe4 6. O-O Bg4 7. d5 a6 8. dxc6 axb5 9. cxb7 Rb8 10. Be3 Rxb7
11. Nbd2 d5 12. Qc2 Bd6 13. Nxe4 dxe4 14. Qxe4 Bxf3 15. Qxf3 c5 16. Qxb7 O-O 17. Qxb5
1-0

[Event "1st Grobber Cup"]
[Site "SchemingMind.com"]
[Date "2005.03.08"]
[Round "-"]
[White "pollemand"]
[Black "AaronB"]
[Result "1-0"]
[WhiteCountry "DEN"]
[BlackCountry "USA"]
[WhiteElo "1731"]
[WhiteRD "123"]
[BlackElo "1440"]
[BlackRD "93"]
[GameID "10357"]

1. e4 e5 2. Nf3 Nf6 3. Nxe5 d6 4. Nf3 Nxe4 5. d4 d5 6. Bd3 Be7 7. O-O Nc6 8. c4 Nf6 9. Nc3 O-O 10. cxd5 Nxd5
11. Nxd5 Qxd5 12. Bf4 Nxd4 13. Nxd4 Qxd4 14. Bxh7+
1-0

[Event "1st Grobber Cup"]
[Site "SchemingMind.com"]
[Date "2005.03.08"]
[Round "-"]
[White "pollemand"]
[Black "bohemian rhapsody"]
[Result "0-1"]
[WhiteCountry "DEN"]
[BlackCountry "GBR"]
[WhiteElo "1613"]
[WhiteRD "116"]
[BlackElo "1919"]
[BlackRD "108"]
[GameID "10358"]

1. e4 e5 2. Nf3 Nc6 3. Bb5 a6 4. Ba4 b5 5. Bb3 Nf6 6. O-O Bd6 7. Re1 O-O 8. c3 Re8 9. d3 Bb7 10. Bg5 h6
11. Bh4 Na5 12. Bc2 Qe7 13. b4 Nc6 14. Nbd2 a5 15. a3 axb4 16. axb4 Rxa1 17. Qxa1 g5 18. Bg3 Nh5 19. Qb2 Nxg3 20. hxg3 Ra8
21. Ra1 Rxa1+ 22. Qxa1 g4 23. Nh4 Qg5 24. Nb3 Bf8 25. Nf5 d5 26. Qe1 d4 27. Na5 Nxa5 28. bxa5 c5
0-1

[Event "1st Grobber Cup"]
[Site "SchemingMind.com"]
[Date "2005.03.08"]
[Round "-"]
[White "Grobber"]
[Black "pollemand"]
[Result "0-1"]
[WhiteCountry "ISL"]
[BlackCountry "DEN"]
[WhiteElo "1383"]
[WhiteRD "87"]
[BlackElo "1731"]
[BlackRD "123"]
[GameID "10359"]

1. d4 e6 2. c4 d5 3. Nf3 Nf6 4. cxd5 exd5 5. Nc3 c6 6. e3 Be7 7. Bd3 O-O 8. O-O Bg4 9. h3 Bh5 10. Be2 Nbd7
11. Nd2 Bxe2 12. Nxe2 Bd6 13. Nf3 Ne4 14. Nc3 Ndf6 15. Nd2 Re8 16. f3 Ng3 17. Nb3 Nfh5 18. Rf2 f5 19. f4 Qh4 20. Nc5 Ne4
21. N5xe4 fxe4 22. Qg4 Qxg4 23. hxg4 Nf6 24. g5 Nd7 25. f5 Rf8 26. Bd2 Rf7 27. Raf1 Bg3 28. Re2 Raf8 29. Be1 Bxe1 30. Rexe1 Rxf5
31. Rxf5 Rxf5 32. b4 Rxg5 33. Rf1 Nf6 34. b5 Ng4 35. a4 Nxe3 36. Rf2 Nf5 37. Kh2 Nxd4 38. bxc6 bxc6 39. Ne2 Nxe2 40. Rxe2 Kf7
41. Rf2+ Ke7
0-1

[Event "1st Grobber Cup"]
[Site "SchemingMind.com"]
[Date "2005.03.08"]
[Round "-"]
[White "guiri1967"]
[Black "pollemand"]
[Result "0-1"]
[WhiteCountry "BEL"]
[BlackCountry "DEN"]
[WhiteElo "1609"]
[WhiteRD "73"]
[BlackElo "1731"]
[BlackRD "123"]
[GameID "10360"]

1. e4 e6 2. Nf3 c5 3. e5 d5 4. Bb5+ Bd7 5. Bxd7+ Nxd7 6. d3 Ne7 7. Bg5 Qc7 8. Bxe7 Bxe7 9. d4 cxd4 10. Qxd4 Qxc2
11. O-O O-O 12. b3 Qc5 13. Qxc5 Nxc5 14. Nc3 Rac8 15. g3 a6 16. Rfe1 Nd3 17. Nxd5 exd5 18. Red1 Rc3 19. Nd4 Bc5 20. Ne2 Rc2
21. Rxd3 Rxe2 22. Rf1 Rxe5 23. Rc3 b6
0-1

[Event "1st Grobber Cup"]
[Site "SchemingMind.com"]
[Date "2005.03.08"]
[Round "-"]
[White "pudutse"]
[Black "pollemand"]
[Result "1-0"]
[WhiteCountry "ARG"]
[BlackCountry "DEN"]
[WhiteElo "1827"]
[WhiteRD "96"]
[BlackElo "1731"]
[BlackRD "123"]
[GameID "10361"]

1. e4 e6 2. d4 d5 3. Nc3 dxe4 4. Nxe4 Nd7 5. Nf3 Ngf6 6. Bd3 Be7 7. O-O O-O 8. Qe2 b6 9. Bg5 Bb7 10. Nxf6+ Nxf6
11. c3 c5 12. dxc5 bxc5 13. Rad1 Qc7 14. Bb1 h6 15. Bh4 Nd5 16. Bg3 Qb6 17. Ne5 Rfd8 18. Rd2 Bf6 19. Rfd1 a5 20. Qe4 Kf8
21. Qg4 Rac8 22. Qh5 Bxe5 23. Bxe5 Ne7 24. Qg4 g6 25. Qh4 h5 26. Qf6 Rxd2 27. Rxd2 Bd5 28. a3 c4 29. Qh8+ Ng8 30. Bxg6
1-0

[Event "1st Grobber Cup"]
[Site "SchemingMind.com"]
[Date "2005.03.08"]
[Round "-"]
[White "cnbcad"]
[Black "pollemand"]
[Result "1-0"]
[WhiteCountry "USA"]
[BlackCountry "DEN"]
[WhiteElo "1552"]
[WhiteRD "65"]
[BlackElo "1613"]
[BlackRD "116"]
[GameID "10362"]

1. e4 e6 2. d4 d5 3. e5 c5 4. c3 Nc6 5. Nf3 Qb6 6. Be2 Bd7 7. O-O cxd4 8. cxd4 Nge7 9. Nc3 Nf5 10. Ng5 Nfxd4
11. Be3 Nxe2+ 12. Qxe2 d4 13. Na4 Qa5 14. Bxd4 Nxd4 15. Qe4 Qxa4 16. b3 Bc6 17. bxa4 Bxe4 18. Nxe4 Be7 19. Rab1 b6 20. Rfd1 Rd8
21. Nd6+ Bxd6 22. exd6 Rxd6 23. a5 e5 24. axb6 axb6 25. a4 O-O 26. Ra1 Rfd8 27. Kf1 Kf8 28. a5 bxa5 29. Rxa5 f6 30. g3 Ke7
31. Ra7+ R8d7 32. Ra8
1-0

[Event "1st Grobber Cup"]
[Site "SchemingMind.com"]
[Date "2005.03.08"]
[Round "-"]
[White "Brerrabbit"]
[Black "pollemand"]
[Result "0-1"]
[WhiteCountry "SCO"]
[BlackCountry "DEN"]
[WhiteElo "1293"]
[WhiteRD "74"]
[BlackElo "1731"]
[BlackRD "123"]
[GameID "10363"]

1. Nc3 d5 2. d4 Nf6 3. Nf3 e6 4. Bg5 Be7 5. Ne5 c6 6. g3 Nbd7 7. Bg2 Nxe5 8. dxe5 Nd7 9. Bxe7 Qxe7 10. Qd3 Nxe5
11. Qe3 Nc4 12. Qf3 Nxb2 13. Rb1 Nc4 14. Qd3 Ne5 15. Qe3 Ng6 16. O-O O-O 17. Qf3 f5 18. e4 fxe4 19. Qg4 e5 20. Qh4 Nxh4
0-1

[Event "1st Grobber Cup"]
[Site "SchemingMind.com"]
[Date "2005.03.08"]
[Round "-"]
[White "AaronB"]
[Black "pollemand"]
[Result "0-1"]
[WhiteCountry "USA"]
[BlackCountry "DEN"]
[WhiteElo "1440"]
[WhiteRD "93"]
[BlackElo "1731"]
[BlackRD "123"]
[GameID "10364"]

1. e4 e6 2. d4 d5 3. Nc3 dxe4 4. Nxe4 Nd7 5. Nf3 Ngf6 6. Nxf6+ Nxf6 7. Bd3 Be7 8. Qe2 O-O 9. O-O c5 10. c3 cxd4
11. Nxd4 Qd5 12. Be3 b6 13. Nb5 Bb7 14. f3 Qh5 15. Rad1 Rfd8 16. Rd2 Nd5 17. Be4 Nxe3 18. Bxb7 Nxf1 19. Rxd8+ Rxd8 20. Qxf1 Rd2
21. Qb1 Qxb5
0-1

[Event "1st Grobber Cup"]
[Site "SchemingMind.com"]
[Date "2005.03.08"]
[Round "-"]
[White "bohemian rhapsody"]
[Black "pollemand"]
[Result "1-0"]
[WhiteCountry "GBR"]
[BlackCountry "DEN"]
[WhiteElo "1813"]
[WhiteRD "175"]
[BlackElo "1731"]
[BlackRD "123"]
[GameID "10365"]

1. e4 e6 2. Nf3 c5 3. Bc4 Nc6 4. O-O Be7 5. d4 cxd4 6. Nxd4 Nf6 7. Nxc6 bxc6 8. e5 Nd5 9. Qg4 g6 10. Bh6 a5
11. Qh3 Ba6 12. Bxa6 Rxa6 13. c4 Nb4 14. Bg7 Nc2 15. Bxh8 Nxa1 16. Qxh7
1-0